Tibet-Musica popolare (Record n. 99671)
[ formato base ]
| 000 -LEADER | |
|---|---|
| fixed length control field | 01545njm a2200277Ia 4500 |
| 001 - CONTROL NUMBER | |
| control field | 25815 |
| 003 - CONTROL NUMBER IDENTIFIER | |
| control field | IT-RoPAU |
| 005 - DATE AND TIME OF LATEST TRANSACTION | |
| control field | 20220918181119.0 |
| 008 - FIXED-LENGTH DATA ELEMENTS--GENERAL INFORMATION | |
| fixed length control field | 131025s9999 xx 000 0 und d |
| 040 ## - CATALOGING SOURCE | |
| Original cataloging agency | IT-RoPAU |
| 040 ## - CATALOGING SOURCE | |
| Transcribing agency | IT-RoPAU |
| 999 ## - SYSTEM CONTROL NUMBERS (KOHA) | |
| Koha Dewey Subclass [OBSOLETE] | SI |
| 100 ## - MAIN ENTRY--PERSONAL NAME | |
| Personal name | AA.VV. |
| 9 (RLIN) | 794 |
| 100 ## - MAIN ENTRY--PERSONAL NAME | |
| Relator term | Autore musica |
| 9 (RLIN) | 14433 |
| 100 ## - MAIN ENTRY--PERSONAL NAME | |
| Miscellaneous information | Codice autore musica SPICS: 12000 |
| 9 (RLIN) | 796 |
| 245 ## - TITLE STATEMENT | |
| Title | Tibet-Musica popolare |
| 250 ## - EDITION STATEMENT | |
| Edition statement | 1a ed. |
| 260 ## - PUBLICATION, DISTRIBUTION, ETC. (IMPRINT) | |
| Place of publication, distribution, etc. | ITALIA |
| 260 ## - PUBLICATION, DISTRIBUTION, ETC. (IMPRINT) | |
| Name of publisher, distributor, etc. | ALBATROS |
| Date of publication, distribution, etc. | 1979 [1a Ed.:1979 - Ed. Lingua Orig.: 1979] |
| 300 ## - PHYSICAL DESCRIPTION | |
| Extent | DISCO |
| 300 ## - PHYSICAL DESCRIPTION | |
| Dimensions | 41 minuti (Testo: pag.) |
| 500 ## - GENERAL NOTE | |
| General note | Canti con accompagnamento strumentale. Musica di danza per ciaramella e tamburo ad una pelle. Musica popolare del Tibet |
| 505 ## - FORMATTED CONTENTS NOTE | |
| Formatted contents note | Sella d'oro (canto per stare a cavallo) - Canto per cavalcare - Il vaso del monastero - Melodia pastorale per flauto - Il grande tetto - Canto di trasferimento - In lode della colomba - Riparazione di un canale in un campo d'orzo - Semina - Canto per un sogno - Taglio dell'orzo - Festa del raccolto - Trebbiatura - Rivoltare i mucchi di orzo - Taglio dell'erba - Sollevare pietre e tagliarle per erigere un muro - Trasporto di tronchi su una collina (musica suonata durante partite di polo e competizioni con l'arco per eccitare la folla) - Musica per danza femminile - Musica per danza di matrimonio in Tibet - Storia di un uomo che dopo essersi sposato si fa monaco nel monastero di Sgang-Ngon - Ghiacciaio di Montagna |
| 650 ## - SUBJECT ADDED ENTRY--TOPICAL TERM | |
| Topical term or geographic name as entry element | FOLK [DISCHI] |
| Relator term | Codice MATERIA SPICS: 9950 |
| 9 (RLIN) | 1209 |
| 942 ## - ADDED ENTRY ELEMENTS (KOHA) | |
| Koha item type | DISCHI |
| Source of classification or shelving scheme | Dewey Decimal Classification |
| Withdrawn status | Lost status | Damaged status | Not for loan | Home library | Current library | Date acquired | Total Checkouts | Full call number | Date last seen | Price effective from | Koha item type | Public note |
|---|---|---|---|---|---|---|---|---|---|---|---|---|
| Buone Condizioni | Not For Loan | SPICS-MEDIATECA | SPICS-MEDIATECA | 25/10/2013 | 25815 | 25/10/2013 | 25/10/2013 | DISCHI | Progr. Ins.: 5688 / N.Vol.: 1 / Copie: 1 - Copia rara: SI / date import: 01.01.2014 - By Epidotti, Trombetti, Vaglietti |